Para una meditación de la Edad Media: ensayos
Sparad:
| Huvudupphovsman: | |
|---|---|
| Materialtyp: | Bok |
| Språk: | spanska |
| Publicerad: |
Concepción
Universidad del Bío-Bío
2009
|
| Ämnen: | |
| Taggar: |
Lägg till en tagg
Inga taggar, Lägg till första taggen!
|
MARC
| LEADER | 00000nam a2200000 a 4500 | ||
|---|---|---|---|
| 001 | UCG1082 | ||
| 003 | CL-VaPUC | ||
| 005 | 20210605001600.0 | ||
| 008 | 100422e20090000CL |||||||||||||||||spa|d | ||
| 999 | |c 340536 |d 340534 | ||
| 020 | |a 9789567813650 | ||
| 040 | |c Pontificia Universidad Católica de Valparaíso | ||
| 082 | 0 | 4 | |a 940.1 ROJ 2009 |2 21 |
| 100 | 0 | |a Rojas Donat, Luis |9 548831 | |
| 245 | 1 | 0 | |a Para una meditación de la Edad Media: ensayos |
| 260 | |a Concepción |b Universidad del Bío-Bío |c 2009 | ||
| 300 | |a 434 páginas | ||
| 583 | |a last modification |c 20100422 00:00:00 |k Rodrigo Vera | ||
| 650 | 0 | |a Edad media |9 258041 | |
| 650 | 0 | |a Educación superior |9 223851 | |
| 650 | 0 | |a Enseñanza de la historia |9 307330 | |
| 650 | 0 | |a Historia medieval |9 258042 | |
| 650 | 0 | |a Civilización medieval |9 265320 | |
| 942 | |c BK |2 ddc | ||
| 945 | |d 20100422 00:00:00 |a rbrito | ||
| 952 | |0 0 |1 0 |2 ddc |4 0 |6 940_100000000000000_ROJ_2009 |7 0 |8 A |9 435344 |a BIBHIS |b BIBHIS |d 2019-11-22 |i 4664922 |l 14 |m 2 |o 940.1 ROJ 2009 |p 4664922 |r 2025-01-20 |s 2024-07-08 |t 1 |w 2019-11-22 |y BK |k HIS | ||